Christen suchen eine Kirche : die Okumenische Bewegung und Rom, mit Dokumenten und soziographischen Beilagen
Αποθηκεύτηκε σε:
| Κύριος συγγραφέας: | |
|---|---|
| Μορφή: | Βιβλίο |
| Γλώσσα: | German |
| Δημοσίευση: |
Freiburg :
Herder,
[1958]
|
| Θέματα: | |
| Ετικέτες: |
Προσθήκη ετικέτας
Δεν υπάρχουν, Καταχωρήστε ετικέτα πρώτοι!
|
MARC
| LEADER | 00000cam a2200000 i 4500 | ||
|---|---|---|---|
| 001 | 1/39560 | ||
| 008 | 061219s1958 ger d | ||
| 035 | |l 10086619 | ||
| 040 | |a GR-MY-UA |b gre |e aacr | ||
| 041 | 1 | |a ger | |
| 082 | 0 | |a 232 |2 (22) | |
| 100 | 1 | |a Michael, Johannes Petrus. | |
| 245 | 1 | 0 | |a Christen suchen eine Kirche : |b die Okumenische Bewegung und Rom, mit Dokumenten und soziographischen Beilagen / |c J. P. Michael |
| 260 | |a Freiburg : |b Herder, |c [1958] | ||
| 300 | |a 187 σ.; |c 18 εκ. | ||
| 500 | |a Με: Wer ist und wer war Jesus Christus?: seine Geschichte und sein Geheimnis / Dietrich Bonhoeffer. - Die Einheit der Christen: Probleme und Prinzipien, Hindernisse und Mittel, Verwirklichungen und Aussichten / Augustin Kardinal Bea. - Der Ertrag des Kirchenkampfes / Edmund Schlink. - Gegenwart des Christentums / Karl Rahner | ||
| 650 | 0 | 0 | |a Christian union. |
| 852 | |a INST |b RHODES |c KRI |e 20061219 |h 232 BON |p 005400027341 |q 005400027341 |t BK |y 0 | ||
| 901 | |a BIBL4-2006-3 | ||
| 909 | |a Ρ |b 123621 | ||
| 970 | |a ΚΟΖΑ |b ΜΑΡΙΑ |z 2006/12/19 | ||